Spaľovne odpadu v kontexte riešení zelenej a reverznej logistiky

Problémy súvisiace so spaľovaním odpadu v Slovenskej republike. Program odpadového hospodárstva SR na roky 2006 až 2010. Úlohy do roku 2010. Spaľovanie odpadu. Celkový počet spaľovní v SR podľa druhov a ich umiestnenia v krajoch.

Guardado en:
Detalles Bibliográficos
Autor principal: Dupaľ, Andrej
Otros Autores: Brezina, Ivan, 1963-, Marečková, Zuzana, Pekár, Juraj, 1972-
Formato: Capítulo de libro
Lenguaje:eslovaco
Materias:
Etiquetas: Agregar Etiqueta
Sin Etiquetas, Sea el primero en etiquetar este registro!

MARC

LEADER 00000naa$a2200000$$$4500
001 0109565
005 20240502072217.6
041 0 |a slo 
044 |a SK 
245 1 0 |a Spaľovne odpadu v kontexte riešení zelenej a reverznej logistiky  |c Andrej Dupaľ, Ivan Brezina, Zuzana Marečková, Juraj Pekár 
520 |a Problémy súvisiace so spaľovaním odpadu v Slovenskej republike. Program odpadového hospodárstva SR na roky 2006 až 2010. Úlohy do roku 2010. Spaľovanie odpadu. Celkový počet spaľovní v SR podľa druhov a ich umiestnenia v krajoch. 
610 2 0 |a odpad komunálny 
610 2 0 |a odpad výrobný 
610 2 0 |a logistika zelená 
610 2 0 |a logistika reverzná 
610 2 0 |a ochrana prostredia životného 
610 2 0 |a Slovensko 
100 1 |a Dupaľ, Andrej 
700 1 |a Brezina, Ivan, 1963- 
700 1 |a Marečková, Zuzana 
700 1 |a Pekár, Juraj, 1972-